The runaway jury

Gorde:
Xehetasun bibliografikoak
Egile nagusia: Grisham, John
Formatua: Liburua
Hizkuntza:Undetermined
Argitaratua: New York Doubleday 1996
Gaiak:
Etiketak: Etiketa erantsi
Etiketarik gabe, Izan zaitez lehena erregistro honi etiketa jartzen!
Thư viện lưu trữ: Trung tâm Học liệu Trường Đại học Cần Thơ
LEADER 00500nam a2200181Ia 4500
001 CTU_219235
008 210402s9999 xx 000 0 und d
082 |a 813.54 
082 |b G869/P.5 
100 |a Grisham, John 
245 4 |a The runaway jury 
245 0 |c John Grisham. 
260 |a New York 
260 |b Doubleday 
260 |c 1996 
650 |a Legal stories, American.,Câu chuyện pháp lý, Mỹ 
904 |i Tuyến 
980 |a Trung tâm Học liệu Trường Đại học Cần Thơ